01036 2200325 4500001002100000005001500021035002000036007000300056008004100059040002200100100005700122245010200179300002900281504003200310020002200342082001200364084001400376090002200390250003400412264004200446336002100488337003000509338002300539650002400562700003900586700002900625850001200654999002200666990002200688INLIS00000000087690020230307025049 a0010-0323000167ta230307 2023 yoi g ind d aYOPDYOGbinderda0 aMellisa TowadiepengarangeMellisa Towadiepengarang10aHukum internasional :bsebuah pengantar /cMellisa Towadi, Lusiana Margareth Tijow, Waode Mustika avii, 94 halaman ;c20 cm aBibliografi : halaman 91-93 a978-623-6572-87-004223a341 a341 MEL h aCB-D.11 2023-0057 aCetakan pertama, Febuari 202331aSleman :bUII Press Yogyakarta,c2023 2rdacontentateks 2rdamediaatanpa perantara 2rdacarrieravolume 4aHukum internasional0 aLusiana Margareth Tijowepengarang0 aWaode MustikaePengarang aYOPDYOG aCB-D.11 2023-0057 aCB-D.11/2023-0057